000 03191 a2200325 4500
005 20081216121235.0
008 081216t xxu||||| |||| 00| 0 HIN d
010 _aB-291954-962
020 _c250.00
_a8189412337
035 _aB-291954-962
037 _bआविष्कार प्रका.
040 _aDPL
_bHN
082 _a641.302
100 _aसेंगर, देवेन्द्र
245 _aस्वास्थ्य का राजःउत्तम आहार /
_cदेवेन्द्र सेंगर
260 _aदिल्ली
_bआविष्कार प्रकाशन
_c2008
270 _aएल-20/13 गली नं5, शिवाजी मार्ग, करतार नगर
_bदिल्ली
_cदिल्ली
_e110053
300 _a208पृ
_c22सेमी (सजिल्द)
942 _adpl
_cHN
_k / सेंगर
_2ddc
_h641.302
999 _c12848
_d12848